| 000 | 00721nam a2200229 a 4500 | ||
|---|---|---|---|
| 005 | 20240215063705.0 | ||
| 008 | 991125s1986 bue 000 0 spa u | ||
| 020 | _a9505821646 | ||
| 035 | _aUPN01000023271 | ||
| 049 | _aCG | ||
| 050 | 4 |
_aH61 _aE8.3 |
|
| 100 | 1 | _aEspinoza Vergara, Mario | |
| 245 | 1 | 0 |
_aEvaluación de proyectos sociales / _cMario Espinoza Vergara. |
| 260 |
_aBuenos Aires : _bHumanitas, _c1986. |
||
| 300 |
_a218 p. : _bil. |
||
| 440 | 0 | _aDesarrollo social | |
| 590 | _a(También localizas un ejemplar en el "Area de Reserva") | ||
| 590 | _aBibliografía Básica (BGTQ) | ||
| 650 | 4 |
_aCiencias sociales _xInvestigación _97497 |
|
| 650 | 4 |
_aCiencias sociales _xMetodología _96208 |
|
| 905 | _aLibro | ||
| 999 |
_c23271 _d23271 |
||